000 01132cam a22003255i 4500
001 12111317
003 EG-ScBUE
005 20260120092353.0
008 000718s2000 enkab b f001 0 eng d
020 _a0195138953
020 _a9780195138955
040 _aDLC
_beng
_erda
_cDLC
_dEG-ScBUE
082 0 4 _a550.727
_222
_bCHR
100 1 _aChristakos, George,
_eauthor.
_938108
245 1 0 _aModern spatiotemporal geostatistics /
_cGeorge Christakos.
264 1 _aOxford ;
_aNew York :
_bOxford University Press,
_c2000.
300 _axvi, 288 pages :
_billustrations ;
_c25 cm.
336 _2rdacontent
_atext
_btxt
337 _2rdamedia
_aunmediated
_bn
338 _2rdacarrier
_avolume
_bnc
490 0 _aInternational Association for Mathematical Geology Studies in Mathematical Geology
504 _aIncludes bibliographical references and index.
650 7 _aEarth sciences
_xStatistical methods.
_2BUEsh
650 7 _aMaximum entropy method.
_2BUEsh
650 7 _aBayesian statistical decision theory.
_2BUEsh
651 _2BUEsh
653 _bBUSECO
_cMay2015
655 _vReading book
942 _2ddc
_cBB
999 _c19475
_d19447